| 000 | 00690nam a22001937a 4500 | ||
|---|---|---|---|
| 010 | _a1718CH-EN | ||
| 020 |
_a9781847496072 _c299.00 |
||
| 035 | _aB-673114-133 | ||
| 037 |
_aDPL _bPragati |
||
| 082 | _aS | ||
| 100 | _aCoolidge, Susan | ||
| 245 |
_aWhat katy did / _cby Susan Coolidge; illustrated by Susan Helland |
||
| 260 |
_aLondon _bAlma Books _c2016 |
||
| 270 |
_a3 Castle Yard, Richmond, Surrey TW10 6TF _bUnited Kingdom |
||
| 300 |
_a250p. _c19cm(pbk) |
||
| 700 | _aHellard, Susan | ||
| 942 |
_2ddc _cCH _mCOO _hS |
||
| 999 |
_c141504 _d141504 |
||